|
|
|
|
| LEADER |
02711nam a2200553 i 4500 |
| 001 |
EBC3044281 |
| 003 |
MiAaPQ |
| 005 |
20200520144314.0 |
| 006 |
m o d | |
| 007 |
cr cnu|||||||| |
| 008 |
871111s1987 gw ob 100 0 ger|d |
| 020 |
|
|
|z 3110113678
|
| 020 |
|
|
|z 9783110113679
|
| 020 |
|
|
|a 9783110892024 (e-book)
|
| 035 |
|
|
|a (MiAaPQ)EBC3044281
|
| 035 |
|
|
|a (Au-PeEL)EBL3044281
|
| 035 |
|
|
|a (CaPaEBR)ebr10782242
|
| 035 |
|
|
|a (OCoLC)922947457
|
| 040 |
|
|
|a MiAaPQ
|b eng
|e rda
|e pn
|c MiAaPQ
|d MiAaPQ
|
| 043 |
|
|
|a e-gw---
|a e-au---
|a e-sz---
|
| 050 |
|
4 |
|a KK1110
|b .V47 1986
|
| 082 |
0 |
|
|a 336
|
| 110 |
2 |
|
|a Vereinigung der Deutschen Staatsrechtslehrer.
|b Tagung
|d (1986 :
|c Munich, Germany)
|
| 245 |
1 |
0 |
|a Verfassungsgarantie und sozialer Wandel :
|b das Beispiel von Ehe und Familie /
|c Axel Frhr. von Campenhausen und Heinhard Steiger. Rechtsverhaltnisse in der Leistungsverwaltung / Thomas Fleiner-Gerster, Theo Ohlinger und Peter Krause.
|
| 264 |
|
1 |
|a Berlin :
|b Walter de Gruyter,
|c 1987.
|
| 300 |
|
|
|a 1 online resource (336 pages)
|
| 336 |
|
|
|a text
|2 rdacontent
|
| 337 |
|
|
|a computer
|2 rdamedia
|
| 338 |
|
|
|a online resource
|2 rdacarrier
|
| 440 |
|
0 |
|a Veroffentlichungen der Vereinigung der Deutschen Staatsrechtslehrer ;
|v Heft 45
|
| 500 |
|
|
|a "Berichte und Diskussionen auf der Tagung der Vereinigung der Deutschen Staatsrechtslehrer in Munchen vom 15. bis 18. Oktober 1986."
|
| 504 |
|
|
|a Includes bibliographical references.
|
| 588 |
|
|
|a Description based on print version record.
|
| 590 |
|
|
|a Electronic reproduction. Ann Arbor, MI : ProQuest, 2015. Available via World Wide Web. Access may be limited to ProQuest affiliated libraries.
|
| 650 |
|
0 |
|a Domestic relations
|z Germany (West)
|v Congresses.
|
| 650 |
|
0 |
|a Constitutional law
|z Germany (West)
|v Congresses.
|
| 650 |
|
0 |
|a Administrative law
|z Austria
|v Congresses.
|
| 650 |
|
0 |
|a Administrative law
|z Switzerland
|v Congresses.
|
| 650 |
|
0 |
|a Administrative law
|z Germany (West)
|v Congresses.
|
| 655 |
|
4 |
|a Electronic books.
|
| 700 |
1 |
|
|a Campenhausen, Axel,
|c Freiherr von.
|
| 700 |
1 |
|
|a Steiger, Heinhard.
|
| 700 |
1 |
|
|a Fleiner-Gerster, Thomas,
|d 1938-
|
| 700 |
1 |
|
|a Ohlinger, Theo.
|
| 700 |
1 |
|
|a Krause, Peter.
|
| 740 |
0 |
2 |
|a Rechtsverhaltnisse in der Leistungsverwaltung.
|
| 776 |
0 |
8 |
|i Print version:
|a Vereinigung der Deutschen Staatsrechtslehrer.
|t Verfassungsgarantie und sozialer Wandel : das Beispiel von Ehe und Familie.
|d Berlin : Walter de Gruyter, 1987
|h 336 pages ; 22 cm.
|k Veroffentlichungen der Vereinigung der Deutschen Staatsrechtslehrer ; Heft 45
|z 9783110113679
|
| 797 |
2 |
|
|a ProQuest (Firm)
|
| 856 |
4 |
0 |
|u https://ebookcentral.proquest.com/lib/matrademy/detail.action?docID=3044281
|z Click to View
|